| 000 | 00547nam a2200205Ia 4500 | ||
|---|---|---|---|
| 005 | 20220923132051.0 | ||
| 008 | 131103s9999 xx 000 0 und d | ||
| 020 | _cRs.50.00 | ||
| 040 | _aLoreto College | ||
| 041 | _aEnglish | ||
| 082 |
_a370.954 _bBAN |
||
| 100 | _aBanerjee,Jyoti Prasad | ||
| 245 |
_aEducation in India _b Past present future _cJyoti Prasad Banerjee |
||
| 260 |
_aCalcutta _bCentral Library _c1985 |
||
| 300 |
_aV.1 _b ill. |
||
| 650 | _aEducation-India | ||
| 651 | _aIndia - Education | ||
| 850 | _aLCLIB | ||
| 942 | _cBK | ||
| 999 |
_c25863 _d76342 |
||